1. múzejný salón Podunajska výstavy - 17.9.-14.11.1999

Bibliographic Details
Corporate Author: Múzejný salón Podunajska Komárno, Slovensko
Format: Conference Proceeding Photo
Language:Slovak
Hungarian
PhysicalDescription:1 plagát 58 x 42 cm
Published: Komárno Podunajské múzeum 1999
Subjects:

MARC

LEADER 00000ckm a2200000 a 4500
001 vtls001379001
003 SK-MaSNL
005 20260301071123.0
007 kf ou
008 240409s1999 xo g 0knslo
015 |a SNBG2000/04-01690 
035 |a SNK000332970 
035 |a urn:nbn:sk:snk-km002p0o 
035 |a 6778DC88-C5EF-49FF-96A4-10A124F4A6F9 
035 |a urn:nbn:sk:snk-kmtfx7 
040 |a SNK  |b slo  |c SNK  |e AACR2 
041 0 |a slo  |a hun 
044 |a xo  |c SK 
080 |a 069.6.02:061.4=885=945.11  |2 1981 
080 |a 77  |2 1981 
080 |a 39  |2 1981 
080 |a 56  |2 1981 
080 |a (084.5)069.9  |2 1981 
111 2 |a Múzejný salón Podunajska  |n (1. :  |d 1999 :  |c Komárno, Slovensko)  |9 121813 
245 1 0 |a 1. múzejný salón Podunajska  |h grafika  |b výstavy - 17.9.-14.11.1999 
246 1 1 |a 1. Duna menti múzeumi szalom 
246 3 |a Prvý múzejný salón Podunajska 
260 |a Komárno  |b Podunajské múzeum  |c 1999 
300 |a 1 plagát  |c 58 x 42 cm 
500 |a Usporiadateľ Podunajské múzeum Komárno 
648 7 |a 1999  |2 SNKPH  |9 266597 
650 0 7 |a výstavy  |2 SNKPH  |9 2780 
650 0 7 |a múzeá  |2 SNKPH  |9 4119 
651 7 |a Komárno (Slovensko)  |2 SNKPH  |9 39168 
655 7 |a plagáty výstav  |2 SNKPH  |9 62832 
710 2 |a Podunajské múzeum v Komárne  |4 orm  |9 163907 
852 |a Slovenská národná knižnica 
958 |a CP 
958 |a GBN 
958 |a OND 
999 |c 636680  |d 638610 
952 |t P60, <03>, [BOOK], {603}  |a SNK  |b SNK  |y PREZ  |7 0  |o snkLPA 43332  |i snkPL 114/99  |0 0  |1 0  |4 0  |d 1999-12-08  |l 0  |r 2005-01-02 00:00:00  |w 2026-02-23 
952 |t P60, <04>, [BOOK], {604}  |a SNK  |b SNK  |y VYP  |7 0  |p 17A1161951  |o snkLPA 43332 D1  |i snkPL 115/99  |0 0  |1 0  |4 0  |d 1999-12-08  |f 1  |l 0  |r 2005-01-02 00:00:00  |w 2026-02-23